| 000 | 01155cam a2200301Ia 4500 | ||
|---|---|---|---|
| 999 |
_c6045 _d6045 |
||
| 001 | 9003313 | ||
| 003 | OSt | ||
| 005 | 20190111171739.0 | ||
| 008 | 821130r19821906miu b 001 0 eng d | ||
| 020 | _a0801054532 (pbk.) : | ||
| 040 |
_aBCT _cBCT _dBSC |
||
| 082 |
_a223.2 _bK59B |
||
| 092 |
_a223.2077 _bK59b |
||
| 100 | 1 |
_aKirkpatrick, A. F. _q(Alexander Francis), _d1849-1940. |
|
| 245 | 1 | 4 |
_aThe book of Psalms / _cA.F. Kirkpatrick. |
| 250 | _aPbk. ed. | ||
| 260 |
_aGrand Rapids, Mich. : _bBaker Book House, _c1982. |
||
| 300 |
_a[iii]-cxii, 852 p. ; _c22 cm. |
||
| 440 | 0 | _aThornapple commentaries | |
| 500 | _aReprint of the 1906 ed. published by the University Press, Cambridge, England. | ||
| 500 | _a"The text [of the Psalms] adopted in this edition is that [i.e. the Authorized Version] of Dr Scrivener's Cambridge paragraph Bible."--Contents page (p. [vii]) | ||
| 500 | _aIncludes index. | ||
| 504 | _a"Literature": p. cviii-cxii. | ||
| 630 | 0 | 0 |
_aBible. _pO.T. _pPsalms _xCommentaries. |
| 730 | 0 |
_aBible. _pO.T. _pPsalms. _lEnglish. _sAuthorized. _f1982. |
|
| 730 | 0 |
_aBible. _pO.T. _pPsalms. _lEnglish. _sAuthorized. _f1906. |
|
| 942 |
_2ddc _cBK |
||